Hitlers war machine and the invasion Britain (Record no. 185543)
[ view plain ]
| 000 -LEADER | |
|---|---|
| fixed length control field | 00487 a2200169 4500 |
| 003 - CONTROL NUMBER IDENTIFIER | |
| control field | Nust |
| 005 - DATE AND TIME OF LATEST TRANSACTION | |
| control field | 20170207153415.0 |
| 040 ## - CATALOGING SOURCE | |
| Transcribing agency | Nust |
| 082 ## - DEWEY DECIMAL CLASSIFICATION NUMBER | |
| Classification number | 355.09 |
| 100 ## - MAIN ENTRY--PERSONAL NAME | |
| Personal name | Wilhelm Necker |
| 245 ## - TITLE STATEMENT | |
| Title | Hitlers war machine and the invasion Britain |
| 260 ## - PUBLICATION, DISTRIBUTION, ETC. | |
| Place of publication, distribution, etc. | London |
| Name of publisher, distributor, etc. | Lindsay |
| 505 ## - FORMATTED CONTENTS NOTE | |
| Formatted contents note | Part One: The War Machine (Page-7), Part Two: The War Machine in action the French Campaign (Page-157), |
| 538 ## - SYSTEM DETAILS NOTE | |
| System details note | Almirah No.53 Shelf No.5 |
| 600 ## - SUBJECT ADDED ENTRY--PERSONAL NAME | |
| Personal name | Wilhelm Necker |
| 650 ## - SUBJECT ADDED ENTRY--TOPICAL TERM | |
| Topical term or geographic name entry element | War Machines |
| 942 ## - ADDED ENTRY ELEMENTS (KOHA) | |
| Source of classification or shelving scheme | |
| Koha item type | Book |
| Withdrawn status | Lost status | Source of classification or shelving scheme | Damaged status | Not for loan | Collection code | Permanent Location | Current Location | Date acquired | Total Checkouts | Full call number | Barcode | Date last seen | Price effective from | Koha item type |
|---|---|---|---|---|---|---|---|---|---|---|---|---|---|---|
| Military College of Signals (MCS) | Military College of Signals (MCS) | 12/12/2016 | 355.09 NEC | MCS29313 | 12/08/2016 | 12/12/2016 | Book |
